00593nam a22001937a 450000500170000001000130001702000260003003500130005603700160006908200130008524500670009826000460016527000610021130000230027250000190029565000420031465000160035670000270037220181112171648.0 aB-083196 a9780195667271c295.00 aB-083196 bCen Lib/Ret a301bMET aMathodology and fieldwork / cedited by Vinay kumar Srivastava a New DelhibOxford university pressc2004 aYMCA library building Jai singh roadb New Delhie110001 ax,500p. c21cm(Hb) aIncludes index aResearch methodology - social science aEthnography aSrivastava,Vinay Kumar